Văn hóa gia tộc Việt Nam /

Gardado en:
Detalles Bibliográficos
Autor Principal: Lâm Bá Hòa.
Formato: Artigo
Idioma:Vietnamese
Những chủ đề:
Các nhãn: Engadir etiqueta
Sen Etiquetas, Sexa o primeiro en etiquetar este rexistro!
Thư viện lưu trữ: Thư viện Trường Đại học Đà Lạt
LEADER 00776nam a2200265 4500
001 DLU210196462
005 ##20210527
040 # # |a DLU  |b vie 
041 # # |a vie 
044 # # |a vn 
100 # # |a Lâm Bá Hòa. 
245 # # |a Văn hóa gia tộc Việt Nam /  |c Lâm Bá Hòa. 
653 # # |a Dòng họ  
653 # # |a Gia tộc  
653 # # |a Giá trị văn hóa 
653 # # |a Việt Nam 
773 # # |t Tạp chí Khoa học xã hội Việt Nam  |g Số 1, 2019, tr. 89-96 
920 # # |a Phòng Tạp chí -- Trung tâm Thông tin - Thư viện Trường Đại học Đà Lạt 
900 # # |a True 
911 # # |a Hoàng Thị Huyền 
925 # # |a G 
926 # # |a A 
927 # # |a BB 
980 # # |a Thư viện Trường Đại học Đà Lạt